• 首页
  • 本馆介绍
  • 公告通知
  • 最新文献
  • 馆藏检索
  • 电子资源
  • 读者导购
  • 参考咨询
  • 我的图书馆
  • 登录
  • 详细信息显示
  • 放入我的书架
  • 预约/预借图书
  • 作者相关作品
  • 分类相关作品
  • 丛书相关作品
  • 出版社相关作品

书目信息

  • 表格格式
  • 工作单格式
  • 卡片格式
题名:
泥鳅养殖与国际贸易
    
 
作者: 王维志 , 陈秀开 主编
分册:  
出版信息: 北京   中国农业出版社  2009
页数: 201页
开本: 21cm
丛书名:
单 册:
中图分类: S966.4 , F746.26
科图分类:
主题词: 鳅科--养殖 , 鳅科--国际贸易 , 鳅科 , 国际贸易
电子资源:
ISBN: 978-7-109-13447-8
000 01071nam0 2200289 45
001 1050989781
005 20100420094127.92
010    @a978-7-109-13447-8@dCNY15.00
100    @a20100409d2009 em y0chiy50 ea
101 0  @achi
102    @aCN@b110000
105    @aa z 000yy
106    @ar
200 1  @a泥鳅养殖与国际贸易@ANi Qiu Yang Zhi Yu Guo Ji Mao Yi@f王维志,陈秀开主编@FWang Wei Zhi, Chen Xiu Kai Zhu Bian
210    @a北京@c中国农业出版社@d2009
215    @a201页@c图@d21cm
330    @a本书介绍了泥鳅的贸易发展现状、出口养殖场和中转场的建设要求、养殖技术、出口运输和包装、出口养殖场注册要求、出口检验检疫要求和加工贸易前景。重点对出口泥鳅养殖场和中转包装场的建设标准、疫病防治和有毒有害物质的控制、出口检验检疫监管要求和程序等进行了详细的论述。
606 0  @a鳅科@x养殖
606 0  @a鳅科@x国际贸易
606 0  @a鳅科
606 0  @a国际贸易
690    @aS966.4@v4
690    @aF746.26@v4
701  0 @a王维志@AWang Wei Zhi@4主编
701  0 @a陈秀开@AChen Xiu Kai@4主编
801  0 @aCN@bTANGWEI@c20100420
905    @b0592414-18@dS966.4@e33@f5
    
    泥鳅养殖与国际贸易/王维志,陈秀开主编.-北京:中国农业出版社,2009
    201页:图;21cm
    
    
    ISBN 978-7-109-13447-8:CNY15.00
    本书介绍了泥鳅的贸易发展现状、出口养殖场和中转场的建设要求、养殖技术、出口运输和包装、出口养殖场注册要求、出口检验检疫要求和加工贸易前景。重点对出口泥鳅养殖场和中转包装场的建设标准、疫病防治和有毒有害物质的控制、出口检验检疫监管要求和程序等进行了详细的论述。
●
相关链接 在E读中查询图书 在五车中查询图书 在当当中查询图书 在豆瓣中查询图书


正题名:泥鳅养殖与国际贸易     索取号:S966.4/33         预约/预借

序号 登录号 条形码 馆藏地/架位号 状态 备注
1 0592414   205924142   第二样本阅览室/ [索取号:S966.4/33] 在馆    
2 0592415   205924151   密集书库-生命科学系/ [索取号:S966.4/33] 在馆    
3 0592416   205924160   第三借阅区/ [索取号:S966.4/33] 在馆    
4 0592417   205924179   第三借阅区/ [索取号:S966.4/33] 在馆    
5 0592418   205924188   第三借阅区/ [索取号:S966.4/33] 在馆    
唐山师范学院图书馆 欢迎您!
大连网信软件有限公司© 版权所有